| 000 | 00569nam a2200169 i 4500 | ||
|---|---|---|---|
| 001 | 89906 | ||
| 003 | ES-MaACL | ||
| 005 | 20230906180311.0 | ||
| 007 | t| | ||
| 008 | 050117s1921 fr ||||1| fre d | ||
| 100 | 1 |
_aLa Tour du Pin-La Charce _cMarquis de. _969185 |
|
| 245 | 1 | 0 |
_aVers un ordre social chrétien _b: jalons de route ; 1882-1907 / _cMarquis de La Tour du Pin-La Charce. |
| 250 | _aNouv. éd. | ||
| 260 |
_aParis : _bLibrairie National, _c1921 ( _ePoitiers : _fSoc. Française d'Imprimerie) |
||
| 300 |
_aXI, 514 p. ; _c23 cm. |
||
| 852 |
_aES-MaACL _jF-1444 |
||
| 999 |
_c89906 _d89906 |
||